Wales wasting away (Record no. 118266)

MARC details
000 -LEADER
fixed length control field 01359cam a2200253 4500
001 - CONTROL NUMBER
control field WB@3612-888
008 - FIXED-LENGTH DATA ELEMENTS--GENERAL INFORMATION
fixed length control field 041103n2004 000 0 eng u
035 ## - SYSTEM CONTROL NUMBER
System control number (Sirsi) u127895
245 ## - TITLE STATEMENT
Title Wales wasting away
260 ## - PUBLICATION, DISTRIBUTION, ETC.
Date of publication, distribution, etc. 2004
490 ## - SERIES STATEMENT
Series statement Planning (for the Natural and Built Environment)
Volume/sequential designation 29 October 2004, 2(1)
490 ## - SERIES STATEMENT
Series statement Environment Agency Wales Press Release
Volume/sequential designation (09/04) 28 October 2004 (3)
520 ## - SUMMARY, ETC.
Summary, etc. "Regulation of waste management" has been published by the Environment Agency Wales. It estimates that more than 500 waste management facilities need to be developed in Wales as existing landfill capacity will be exhausted before 2010. IT predicts increasing illegal disposal of waste - which costs up to £150m a year to clean up. There is also a specific problem with hazardous waste as there are currently no sites in Wales licensed to accept it since new legislation does not allow solid hazardous waste to be disposed of in the same landfill as non-hazardous. The report can be downloaded from the website. http://www.agw.wales.gov.uk/notices/2004/agw2004_9 pn.htm
590 ## - LOCAL NOTE (RLIN)
Local note WB
590 ## - LOCAL NOTE (RLIN)
Local note WB
650 ## - SUBJECT ADDED ENTRY--TOPICAL TERM
Topical term or geographic name entry element WASTE MINIMISATION
650 ## - SUBJECT ADDED ENTRY--TOPICAL TERM
Topical term or geographic name entry element LANDFILL SITES
650 ## - SUBJECT ADDED ENTRY--TOPICAL TERM
Topical term or geographic name entry element WASTE DISPOSAL
650 ## - SUBJECT ADDED ENTRY--TOPICAL TERM
Topical term or geographic name entry element REGULATIONS
650 ## - SUBJECT ADDED ENTRY--TOPICAL TERM
Topical term or geographic name entry element WASTE PLANNING
650 ## - SUBJECT ADDED ENTRY--TOPICAL TERM
Topical term or geographic name entry element ENVIRONMENTAL LAW
690 ## - LOCAL SUBJECT ADDED ENTRY--TOPICAL TERM (OCLC, RLIN)
Topical term or geographic name as entry element WASTE MANAGEMENT
942 ## - ADDED ENTRY ELEMENTS (KOHA)
Suppress in OPAC 0
Holdings
Withdrawn status Lost status Source of classification or shelving scheme Damaged status Not for loan Home library Current library Shelving location Date acquired Total Checkouts Full call number Barcode Date last seen Copy number Price effective from Koha item type
    Dewey Decimal Classification     London London News article 03/11/2004   WB4042-16 127895-1001 06/08/2019 1 06/08/2019 News article